Ne všichni přežijeme /

Uloženo v:
Hlavní autor: Marshall, Kate Alice (Autor)
Další autoři: Pollak, Miriam, 1992- (Autor)
Médium: Kniha
Jazyk:Czech
Vydáno: Praha : George Publishing, 2026
Vydání:1. vydání
Témata:
Celkem bylo vypůjčeno:0x
Tagy:
Žádné tagy
LEADER 01827nam a2200481 i 4500
001 106682
003 CZ PrNK
005 20260630150235.0
007 ta
008 260430s2026 xr d 000 f cze
015 |a cnb003756207 
020 |a 9788053022712  |q (vázáno) 
040 |a ABG001  |b cze  |e rda 
041 1 |a cze  |h eng 
072 7 |a 821.111(73)-3  |x Americká próza  |2 Konspekt  |9 25 
072 7 |a 821-93  |x Literatura pro děti a mládež (beletrie)  |2 Konspekt  |9 26 
080 |a 821.111(73)-31  |2 MRF 
080 |a 821-93-053.67  |2 MRF 
080 |a 821-93  |2 MRF 
080 |a (0:82-312.4)  |2 MRF 
100 1 |a Marshall, Kate Alice  |7 xx0307937  |4 aut  |9 116019 
240 1 0 |a We won't all survive.  |l Česky 
245 1 0 |a Ne všichni přežijeme /  |c Kate Alice Marshall ; z anglického originálu We won't all survive ... přeložila Miriam Pollak 
250 |a 1. vydání 
264 1 |a Praha :  |b George Publishing,  |c 2026 
300 |a 254 stran ;  |c 22 cm 
336 |a text  |b txt  |2 rdacontent 
337 |a bez média  |b n  |2 rdamedia 
338 |a svazek  |b nc  |2 rdacarrier 
655 7 |a americké romány  |7 fd131796  |2 czenas  |9 53403 
655 7 |a thrillery (romány)  |7 fd184206  |2 czenas  |9 54254 
655 7 |a literatura young adult  |7 fd1185572  |2 czenas  |9 114939 
655 7 |a publikace pro mládež  |7 fd133157  |2 czenas  |9 110 
655 9 |a American fiction  |2 eczenas 
655 9 |a thrillers (novels)  |2 eczenas 
655 9 |a young adult literature  |2 eczenas 
655 9 |a juvenile literature  |2 eczenas 
700 1 |a Pollak, Miriam,  |d 1992-  |7 xx0343285  |4 trl  |9 117536 
710 2 |a George Publishing (nakladatelství)  |7 xx0342153  |4 pbl  |9 117369 
910 |a UOG502 
942 |2 ddc  |c KN 
999 |d 106682 
993 |0 0  |1 421180107407  |2 ddc  |4 0  |7 0  |9 100185  |b 0  |c 107407  |d 2026-06-30  |e 0  |f DOSP  |h 467.00  |i Koupě  |l DOSP  |r 2026-06-30  |t 6  |w 2026-06-30  |y KN  |z BELETM  |n